| 000 | 00451nam a2200181Ia 4500 | ||
|---|---|---|---|
| 001 | 21397 | ||
| 005 | 20260306172916.0 | ||
| 008 | 260306t2015||||xx |||||||||||||| ||spa|| | ||
| 041 | _aESP | ||
| 082 |
_a344.83 _bH96 |
||
| 100 |
_aHurtado Pozo, José _eAUT |
||
| 245 | 0 |
_aCompendio de derecho penal económico: _bparte general |
|
| 260 | _c2015 | ||
| 300 |
_a344 páginas : _c24 cm. |
||
| 650 | _aGEN | ||
| 654 | _aCDE | ||
| 942 |
_cLIB _dJUS _fJUS _2ddc _n |
||
| 999 |
_c21397 _d21397 |
||